000 00267nam a22001217a 4500
008 170328b xxu||||| |||| 00| 0 eng d
041 _aeng
080 _a796.3
100 _a8
101 _aSHM
245 _aPHYSICAL EDUCARTION AND SPORT
_cWUEST.D.A
942 _2udc
_cBK
999 _c8870
_d8870